00993nam a2200277 a 450000100060000000300080000600500170001400800410003102000170007203500190008904000350010804100080014308200240015124500580017526000440023330000320027749000440030950000190035365000210037271000530039371000320044683000520047894200120053099900170054295201560055970228BD-RjUL20211209081958.0170416s2004 enka 001 0 eng d a0750615028 : a(BD-RjUL)70442 aBD-RjULbengcBD-RjULdBD-RjUL aeng a572.6223bANA 200400aAnalysis of amino acids, proteins and nucleic acids / aOxford :bButterworth-Heinemann,c2004. axi, 255 p. :bill ;c25 cm. aBiotechnology by Open Learning (Series) aIncludes index 0aProteins92079842 aOpen Universiteit (Heerlen, Netherlands)92079852 aThames Polytechnic.9207986 0aBiotechnology by Open Learning (Series)9207987 2ddccBK c70228d70228 00102ddc40718NFICaRUCLbRUCLcReadingd2021-12-09eParagon Enterprises, Dhakag995.00l0o572.6 ANA 2004r2017-04-16 00:00:00tC-1w2017-04-16yBK